Handbook of the Mamamals (Record no. 247955)

MARC details
000 -LEADER
fixed length control field 00281pam a2200121 a 4500
020 ## - INTERNATIONAL STANDARD BOOK NUMBER
International Standard Book Number 978-81-8138-078-8
Terms of availability
041 ## - LANGUAGE CODE
Language code of original
100 ## - MAIN ENTRY--PERSONAL NAME
Personal name Bahuguna & Mallick.
245 ## - TITLE STATEMENT
Title Handbook of the Mamamals
250 ## - EDITION STATEMENT
Edition statement 1st Ed.2010.
260 ## - PUBLICATION, DISTRIBUTION, ETC.
Place of publication, distribution, etc. [s.l]:
Name of publisher, distributor, etc. Natraj Publishers .
930 ## - EQUIVALENCE OR CROSS-REFERENCE-UNIFORM TITLE HEADING [LOCAL, CANADA]
Uniform title 2104
Holdings
Withdrawn status Lost status Damaged status Not for loan Home library Current library Date acquired Source of acquisition Total Checkouts Full call number Barcode Date last seen Copy number Price effective from Koha item type
        Institute of Environment Education & Research, Pune Institute of Environment Education & Research, Pune 11/01/2013 Natraj Publishers   EVP-1858 03/04/2023 1 03/04/2023 Book